Major Seas Map Quiz - Statistics

General Stats
  • This quiz has been taken 190 times
  • The average score is 14 of 18
Answers on the Map
Answers color-coded by a green-red scale on the quiz's map according to % correct below.
 
Answer Stats
Answer % Correct
Caribbean Sea
90%
Mediterranean Sea
90%
Norwegian Sea
90%
Gulf of Mexico
88%
South China Sea
87%
Gulf of Guinea
81%
Philippine Sea
81%
Arabian Sea
80%
Sea of Japan
80%
Bay of Bengal
78%
Caspian Sea
75%
Persian Gulf
74%
Tasman Sea
74%
Bering Sea
73%
Red Sea
72%
Hudson Bay
70%
North Sea
70%
Coral Sea
68%
No matching quizzes found
Score Distribution
Percent of People with Each Score
Percentile by Number Answered
Your Score History
You have not taken this quiz